[Event "European Youth Chess Championship B16"]
[Site "Prague, Top Hotel Prague"]
[Date "2012.08.25"]
[Round "9.14"]
[White "Csonka, Balazs"]
[Black "Martins, David Pires Tavares"]
[Result "0-1"]
[WhiteElo "2313"]
[BlackElo "2123"]
[PlyCount "72"]
[EventDate "2012.08.17"]

1. d4 e6 2. c4 b6 3. e4 Bb7 4. Bd3 Nc6 5. Ne2 Nb4 6. Nbc3 Nxd3+ 7. Qxd3 d6 8.
O-O Ne7 9. Bg5 Qd7 10. f4 O-O-O 11. d5 h6 12. Bh4 g5 13. Bg3 gxf4 14. Nxf4 h5
15. Bh4 e5 16. Nh3 Qg4 17. Qg3 f5 18. Bxe7 Bxe7 19. Rxf5 Qxg3 20. hxg3 Rdg8 21.
Rf7 Bd8 22. Kh2 Kb8 23. Raf1 Bc8 24. Ne2 Kb7 25. R7f3 Bg4 26. Re3 h4 27. Neg1
Rh7 28. b4 Rhg7 29. Rc3 hxg3+ 30. Rxg3 Bh4 31. Re3 Bxh3 32. Kxh3 Rxg2 33. c5
Bf2 34. c6+ Kc8 35. Rf3 Rxg1 36. R3xf2 Rh8# 0-1

[Event "European Youth Chess Championship B16"]
[Site "Prague, Top Hotel Prague"]
[Date "2012.08.25"]
[Round "9.15"]
[White "Lugovskoy, Maxim"]
[Black "Vanagas, Tadas"]
[Result "1-0"]
[WhiteElo "2312"]
[BlackElo "2067"]
[PlyCount "87"]
[EventDate "2012.08.17"]

1. e4 c5 2. Nf3 d6 3. d4 cxd4 4. Nxd4 Nf6 5. Nc3 a6 6. Bg5 e6 7. f4 Qb6 8. Qd2
Qxb2 9. Nb3 Qa3 10. Be2 Nc6 11. O-O Be7 12. Bf3 Bd7 13. Rae1 O-O 14. e5 Nd5 15.
Bxd5 exd5 16. Nxd5 Bxg5 17. fxg5 Nxe5 18. Ne7+ Kh8 19. Rxe5 dxe5 20. Qxd7 Qxa2
21. Qf5 Rae8 22. Nd5 e4 23. Ne3 Qb2 24. Qf2 Qe5 25. h4 Kg8 26. Qe1 Rc8 27. Rf5
Qd6 28. h5 Rfe8 29. Qf2 Rc3 30. Nd2 Qb6 31. Ndf1 Rc7 32. h6 a5 33. hxg7 a4 34.
c4 a3 35. Rb5 Qa7 36. g6 fxg6 37. Qa2 Kxg7 38. Kh1 Rf7 39. Qa1+ Kg8 40. Ng4 Rf5
41. Nh6+ Kf8 42. Qh8+ Ke7 43. Nxf5+ gxf5 44. Re5+ 1-0

[Event "European Youth Chess Championship B16"]
[Site "Prague, Top Hotel Prague"]
[Date "2012.08.25"]
[Round "9.16"]
[White "Yanchenko, Roman"]
[Black "Toman, Ondrej"]
[Result "1-0"]
[WhiteElo "2230"]
[BlackElo "2074"]
[PlyCount "41"]
[EventDate "2012.08.17"]

1. d4 d5 2. c4 e6 3. Nc3 c6 4. Bf4 Nf6 5. e3 Nbd7 6. Nf3 Be7 7. Qc2 O-O 8. Bd3
dxc4 9. Bxc4 b5 10. Bd3 a6 11. h4 Bb7 12. Ng5 h6 13. Nce4 Bb4+ 14. Kf1 Nxe4 15.
Bxe4 Nf6 16. Bh7+ Kh8 17. Be5 Rc8 18. Bg8 c5 19. Bxf6 Bxg2+ 20. Kg1 Bxh1 21.
Qh7# 1-0

[Event "European Youth Chess Championship B16"]
[Site "Prague, Top Hotel Prague"]
[Date "2012.08.25"]
[Round "9.18"]
[White "Eggink, Mateusz"]
[Black "Iovcov, Valerii"]
[Result "1/2-1/2"]
[WhiteElo "2013"]
[BlackElo "2191"]
[PlyCount "75"]
[EventDate "2012.08.17"]

1. e4 c5 2. Nf3 d6 3. d4 cxd4 4. Nxd4 Nf6 5. Nc3 Nc6 6. Bc4 Qb6 7. Ndb5 Bg4 8.
Be3 Qxe3+ 9. fxe3 Bxd1 10. Rxd1 Rc8 11. O-O a6 12. Na3 Ne5 13. Bd3 g6 14. Nd5
Bg7 15. c3 Nxd3 16. Nxf6+ Bxf6 17. Rxd3 O-O 18. Nc2 Rc5 19. Nb4 Re5 20. Nd5 Bg5
21. Rd4 e6 22. Nf4 Rb5 23. Rd2 Re5 24. Rd4 Rd8 25. g3 Ra5 26. Rb4 Rd7 27. a3 h5
28. Rd1 Kf8 29. Rb6 Ke7 30. Kf2 Rc5 31. Kf3 Rc6 32. Rb4 Bf6 33. h4 Rdc7 34. Ne2
Rc4 35. Rb6 R4c6 36. Rb4 Rc4 37. Rb6 R4c6 38. Rb4 1/2-1/2

[Event "European Youth Chess Championship B16"]
[Site "Prague, Top Hotel Prague"]
[Date "2012.08.25"]
[Round "9.20"]
[White "Fargac, Martin"]
[Black "Cukrowski, Filip"]
[Result "1/2-1/2"]
[WhiteElo "2051"]
[BlackElo "2154"]
[PlyCount "88"]
[EventDate "2012.08.17"]

1. c4 g6 2. g3 Bg7 3. Bg2 d6 4. Nc3 Nc6 5. Nf3 Nf6 6. O-O O-O 7. b3 e5 8. d4 e4
9. Ng5 h6 10. Ngxe4 Nxe4 11. Nxe4 Nxd4 12. Bb2 Nf3+ 13. Bxf3 Bxb2 14. Rb1 Bg7
15. Qd5 Qe7 16. c5 Qe5 17. Qxe5 dxe5 18. Nc3 c6 19. Ne4 f5 20. Nd6 e4 21. Bg2
b6 22. Nxc8 Raxc8 23. cxb6 axb6 24. e3 Ra8 25. a4 b5 26. axb5 cxb5 27. Rfd1
Rfd8 28. Bf1 b4 29. Bc4+ Kf8 30. Kf1 Bc3 31. Rd5 Rxd5 32. Bxd5 Rd8 33. Rd1 Ke7
34. Ke2 Kf6 35. Bc4 Rxd1 36. Kxd1 Ke5 37. Ke2 g5 38. f3 exf3+ 39. Kxf3 Bd2 40.
Bd3 h5 41. Ke2 Bc1 42. Bb5 h4 43. gxh4 gxh4 44. h3 f4 1/2-1/2

[Event "European Youth Chess Championship B16"]
[Site "Prague, Top Hotel Prague"]
[Date "2012.08.25"]
[Round "9.21"]
[White "Szotkowski, Jakub"]
[Black "Starcevs, Dmitrijs"]
[Result "1-0"]
[WhiteElo "2109"]
[BlackElo "2052"]
[PlyCount "79"]
[EventDate "2012.08.17"]

1. Nf3 Nf6 2. c4 g6 3. Nc3 d5 4. Qa4+ Bd7 5. Qb3 dxc4 6. Qxc4 Bg7 7. d4 O-O 8.
e4 Bg4 9. Be3 Nfd7 10. Rd1 Nb6 11. Qd3 Nc6 12. Be2 Nb4 13. Qb1 a5 14. O-O c6
15. a3 Na6 16. d5 cxd5 17. Nxd5 Nxd5 18. Rxd5 Qb8 19. Rxa5 Qc7 20. b4 Rfc8 21.
Rc1 Qb8 22. h3 Bxf3 23. Bxf3 Rc3 24. Rxc3 Bxc3 25. Qc1 Qc7 26. e5 Rd8 27. Bxb7
Bxe5 28. Rxe5 Qxb7 29. b5 Nb8 30. b6 Nc6 31. Rc5 Nd4 32. Bxd4 Rxd4 33. Rc8+ Kg7
34. Qc7 Qe4 35. b7 Rd1+ 36. Kh2 e5 37. Rg8+ Kh6 38. Qxf7 Rd7 39. Qf8+ Kg5 40.
b8=Q 1-0

[Event "European Youth Chess Championship B16"]
[Site "Prague, Top Hotel Prague"]
[Date "2012.08.25"]
[Round "9.22"]
[White "Melzer, Patrik"]
[Black "Urbanc, Peter"]
[Result "1-0"]
[WhiteElo "2108"]
[BlackElo "1931"]
[PlyCount "121"]
[EventDate "2012.08.17"]

1. d4 Nf6 2. Nf3 g6 3. c4 Bg7 4. Nc3 O-O 5. e4 d6 6. Be2 e5 7. dxe5 dxe5 8.
Qxd8 Rxd8 9. Bg5 Rf8 10. Nd5 Nxd5 11. cxd5 c6 12. Bc4 b5 13. Bb3 Bb7 14. Rd1
cxd5 15. Bxd5 Bxd5 16. Rxd5 f6 17. Be3 a6 18. O-O Rc8 19. Rfd1 Nc6 20. Bc5 Na5
21. g4 Nb7 22. Be7 Rc7 23. Rd7 Rac8 24. g5 fxg5 25. Nxg5 Rxd7 26. Rxd7 Na5 27.
Ne6 Bh8 28. Nc5 Ra8 29. Bg5 Nc6 30. Kg2 a5 31. Ne6 b4 32. Nd8 Ra7 33. Rxa7 Nxa7
34. Be3 Bf6 35. Bxa7 Bxd8 36. Bb8 Kf7 37. Bxe5 Ke6 38. f4 g5 39. Kf3 Bb6 40. b3
h5 41. h3 Bd8 42. Bb8 Bb6 43. fxg5 Bd8 44. Kf4 Bb6 45. g6 Kf6 46. g7 Kxg7 47.
Kg5 Bd8+ 48. Kxh5 Kf6 49. h4 Bb6 50. e5+ Kf5 51. Kh6 Bd4 52. h5 Bxe5 53. Bxe5
Kxe5 54. Kg6 Kd4 55. h6 Kc3 56. h7 Kb2 57. h8=Q+ Kxa2 58. Qg8 Ka3 59. Kf5 a4
60. bxa4 Kxa4 61. Qa2+ 1-0

[Event "European Youth Chess Championship B16"]
[Site "Prague, Top Hotel Prague"]
[Date "2012.08.25"]
[Round "9.23"]
[White "Bayramov, Elkhan"]
[Black "Krasovskiy, Kirill"]
[Result "0-1"]
[WhiteElo "2069"]
[BlackElo "2024"]
[PlyCount "78"]
[EventDate "2012.08.17"]

1. e4 e6 2. d4 d5 3. Nc3 Nf6 4. e5 Nfd7 5. f4 c5 6. Nf3 Nc6 7. Be3 a6 8. Qd2 b5
9. dxc5 Bxc5 10. Ne2 Qb6 11. Bxc5 Nxc5 12. Ned4 O-O 13. Bd3 Bb7 14. O-O Rac8
15. Kh1 Ne4 16. Qe3 Na5 17. Rab1 Nc4 18. Qe1 Qa5 19. a3 Qd8 20. f5 exf5 21.
Nxf5 Re8 22. Bxe4 dxe4 23. Qg3 g6 24. Nh6+ Kg7 25. Ng5 Nxe5 26. Nhxf7 Qd5 27.
Qh4 h5 28. Nxe5 Rxe5 29. Rbd1 Rf5 30. Rfe1 Rcf8 31. h3 Qe5 32. Rd7+ Kg8 33. Nf3
exf3 34. Rxe5 fxg2+ 35. Kh2 g1=Q+ 36. Kxg1 Rf1+ 37. Kh2 Rh1+ 38. Kg3 Rg1+ 39.
Kh2 Rg2+ 0-1

[Event "European Youth Chess Championship B16"]
[Site "Prague, Top Hotel Prague"]
[Date "2012.08.25"]
[Round "9.24"]
[White "Brenner, Stav"]
[Black "Suarez Garcia, Carlos"]
[Result "0-1"]
[WhiteElo "2034"]
[BlackElo "2311"]
[PlyCount "122"]
[EventDate "2012.08.17"]

1. e4 c5 2. Nf3 e6 3. d4 cxd4 4. Nxd4 Nc6 5. Nc3 Qc7 6. Be2 a6 7. O-O Nf6 8.
Be3 Bb4 9. Na4 Be7 10. c4 d6 11. Nc3 O-O 12. Rc1 Bd7 13. f3 Nxd4 14. Qxd4 Rac8
15. Rfd1 Qb8 16. a4 Rfd8 17. b4 Be8 18. Kh1 Nd7 19. f4 a5 20. b5 Nc5 21. Rb1
Bf6 22. Qd2 b6 23. Bd4 Bxd4 24. Qxd4 f6 25. f5 Bf7 26. fxe6 Nxe6 27. Qd2 Rc5
28. Nd5 Ng5 29. Ne7+ Kf8 30. Nc6 Rxc6 31. bxc6 Nxe4 32. Qd4 Nc5 33. Rb5 Qc7 34.
Rdb1 Bg6 35. Rf1 Be8 36. Qh4 Kg8 37. Bd1 Bxc6 38. Bc2 h6 39. Rbb1 Bxa4 40. Bf5
Bd7 41. Bc2 Re8 42. Qh5 Re5 43. Qg6 Rg5 44. Qh7+ Kf7 45. h4 Rg4 46. h5 Rh4+ 47.
Kg1 Ne6 48. Bg6+ Ke7 49. Rbe1 Qc5+ 50. Rf2 Rf4 51. Qxg7+ Kd8 52. Qh8+ Kc7 53.
Ref1 Qe3 54. Qxh6 Ng5 55. Qf8 Bc6 56. c5 dxc5 57. Qg7+ Kb8 58. Qf8+ Ka7 59.
Qe7+ Qxe7 60. Rxf4 Qe2 61. R4f2 Nh3+ 0-1

[Event "European Youth Chess Championship B16"]
[Site "Prague, Top Hotel Prague"]
[Date "2012.08.25"]
[Round "9.25"]
[White "Kessler, Luca"]
[Black "Eggink, Ryszard"]
[Result "1/2-1/2"]
[WhiteElo "2242"]
[BlackElo "2031"]
[PlyCount "144"]
[EventDate "2012.08.17"]

1. d4 d5 2. c4 dxc4 3. Nf3 Nf6 4. e3 e6 5. Bxc4 c5 6. O-O a6 7. dxc5 Qxd1 8.
Rxd1 Bxc5 9. Be2 b6 10. Nbd2 Bb7 11. Nb3 Be7 12. Nfd4 Nbd7 13. f3 O-O 14. e4
Rfd8 15. Be3 Rac8 16. Rac1 Nc5 17. Nxc5 Bxc5 18. Kf2 Rd7 19. Nb3 Rxd1 20. Rxd1
Bxe3+ 21. Kxe3 Kf8 22. Rd6 Rc6 23. Rxc6 Bxc6 24. Bxa6 e5 25. Nc1 Ke7 26. Nd3
Kd6 27. Bc4 Be8 28. Kd2 Nd7 29. b4 Nb8 30. b5 Nd7 31. Kc3 Nc5 32. Kb4 Nxd3+ 33.
Bxd3 f6 34. a4 Kc7 35. Bc4 Bg6 36. Bg8 h6 37. Bd5 Be8 38. a5 Bg6 39. a6 Kb8 40.
g3 Bh5 41. f4 Be2 42. fxe5 fxe5 43. h4 g5 44. hxg5 hxg5 45. Bc6 Ka7 46. Kc3 Kb8
47. Kd2 Bg4 48. Be8 Be6 49. Bc6 Bg4 50. Ke3 Ka7 51. Be8 Be6 52. Kf3 Bc8 53. Ke2
Bg4+ 54. Kd3 Be6 55. Bg6 Bd7 56. Kc4 Be6+ 57. Kb4 Kb8 58. Bf5 Bf7 59. Bd7 Ka7
60. Kc3 Kb8 61. Kd3 Ka8 62. Bc6+ Ka7 63. Bd5 Bh5 64. Be6 Bf3 65. Bf7 Bg2 66.
Bg6 Bh3 67. Bf5 Bf1+ 68. Ke3 Bxb5 69. Kf3 Bc6 70. Kg4 b5 71. Kxg5 b4 72. Be6
Bxe4 1/2-1/2

[Event "European Youth Chess Championship B16"]
[Site "Prague, Top Hotel Prague"]
[Date "2012.08.25"]
[Round "9.26"]
[White "Bida, Mihai-Eugen"]
[Black "Hrdina, Robin"]
[Result "1-0"]
[WhiteElo "2213"]
[BlackElo "2024"]
[PlyCount "89"]
[EventDate "2012.08.17"]

1. e4 c5 2. c3 d5 3. exd5 Qxd5 4. d4 Nc6 5. Nf3 Bg4 6. Be2 cxd4 7. cxd4 e6 8.
Nc3 Bb4 9. O-O Qd8 10. a3 Be7 11. h3 Bf5 12. Qb3 Qd7 13. Bb5 Nf6 14. Ne5 Qc7
15. Qa4 O-O 16. Bxc6 bxc6 17. Qxc6 Rac8 18. Qxc7 Rxc7 19. Bf4 Rb7 20. Nc6 Rc8
21. Nxe7+ Rxe7 22. Rfd1 Nd5 23. Nxd5 exd5 24. Rac1 Rxc1 25. Rxc1 h6 26. Rc5 Be6
27. b4 Rb7 28. Ra5 g5 29. Bd6 h5 30. Bc5 g4 31. hxg4 hxg4 32. Bxa7 f5 33. Bc5
f4 34. b5 f3 35. a4 Kf7 36. Ra8 Bf5 37. b6 Kg6 38. Rg8+ Kh7 39. Rf8 Be4 40. a5
Kg6 41. a6 Rh7 42. g3 Bd3 43. b7 Bf1 44. b8=Q Bg2 45. Rh8 1-0

[Event "European Youth Chess Championship B16"]
[Site "Prague, Top Hotel Prague"]
[Date "2012.08.25"]
[Round "9.27"]
[White "Radovanovic, Nikola"]
[Black "Markoja, Sebastijan"]
[Result "1-0"]
[WhiteElo "2184"]
[BlackElo "2018"]
[PlyCount "55"]
[EventDate "2012.08.17"]

1. e4 e5 2. Nf3 Nc6 3. d4 exd4 4. Nxd4 Bc5 5. Nb3 Bb6 6. Nc3 d6 7. a4 Qh4 8.
Qe2 Bg4 9. Qd2 O-O-O 10. Bb5 Na5 11. Nd5 Nxb3 12. cxb3 Nf6 13. Nxb6+ cxb6 14.
O-O Be6 15. a5 Nxe4 16. Qd4 Qh5 17. axb6 Qxb5 18. bxa7 Kd7 19. Qxe4 Qxb3 20.
Bf4 Ke7 21. Ra4 Qd5 22. Qb4 Rc8 23. Ra5 Qc6 24. h3 Ra8 25. Rc1 Qd7 26. Bxd6+
Qxd6 27. Rc7+ Bd7 28. Re5+ 1-0

[Event "European Youth Chess Championship B16"]
[Site "Prague, Top Hotel Prague"]
[Date "2012.08.25"]
[Round "9.28"]
[White "Lekic, Lazar"]
[Black "Haman, Jakub"]
[Result "1-0"]
[WhiteElo "1972"]
[BlackElo "2137"]
[PlyCount "43"]
[EventDate "2012.08.17"]

1. e4 c5 2. Nf3 d6 3. d4 cxd4 4. Nxd4 Nf6 5. Nc3 a6 6. Bg5 e6 7. f4 h6 8. Bh4
Be7 9. Qf3 Qc7 10. O-O-O b5 11. Bxf6 gxf6 12. e5 Bb7 13. Qh5 b4 14. Nxe6 Qc8
15. exd6 Qxe6 16. Bb5+ axb5 17. Rhe1 Qc4 18. dxe7 Nd7 19. Nxb5 Qxf4+ 20. Kb1
Ne5 21. Nd6+ Kxe7 22. Qxf7+ 1-0

[Event "European Youth Chess Championship B16"]
[Site "Prague, Top Hotel Prague"]
[Date "2012.08.25"]
[Round "9.30"]
[White "Popov, Kirill"]
[Black "Slampa, Jan"]
[Result "0-1"]
[WhiteElo "2037"]
[BlackElo "1996"]
[PlyCount "42"]
[EventDate "2012.08.17"]

1. e4 c6 2. d4 d5 3. e5 Bf5 4. Nf3 e6 5. Be2 c5 6. Be3 Nd7 7. c4 dxc4 8. Na3
cxd4 9. Nxd4 Bxa3 10. bxa3 Ne7 11. f4 Rc8 12. O-O O-O 13. Nb5 Nd5 14. Bd4 f6
15. Nd6 fxe5 16. fxe5 N7b6 17. g4 Qg5 18. Kh1 Bg6 19. Nxc8 Be4+ 20. Bf3 Rxf3
21. Ne7+ Nxe7 0-1

[Event "European Youth Chess Championship B16"]
[Site "Prague, Top Hotel Prague"]
[Date "2012.08.25"]
[Round "9.31"]
[White "Ulanowski, Karol"]
[Black "Burcu, Cagatay"]
[Result "0-1"]
[WhiteElo "2035"]
[BlackElo "1992"]
[Annotator ",Petr"]
[PlyCount "52"]
[EventDate "2012.08.17"]

1. e4 (1. d4 d5 2. c4 e6 3. Nc3 c6 4. Bf4 Nf6 5. e3 Nbd7 6. Nf3 Be7 7. Qc2 O-O
8. Bd3 dxc4 9. Bxc4 b5 10. Bd3 Ba6 {Yanchenko,R (2230)-Toman,O (2074)/Prague,
Top Hotel Prague 2012}) 1... d6 2. d4 Nf6 3. Nc3 g6 4. Nf3 Bg7 5. Be2 O-O 6.
O-O Bg4 7. Be3 Nc6 8. d5 Bxf3 9. Bxf3 Ne5 10. Be2 c6 11. f4 Ned7 12. dxc6 bxc6
13. Qd2 Qb8 14. Rab1 Qb7 15. Bf3 Rfd8 16. Qf2 Nb6 17. e5 Nfd5 18. Bd4 Nxc3 19.
bxc3 Rab8 20. a4 Qc7 21. a5 Nc4 22. exd6 Rxd6 23. Rxb8+ Qxb8 24. Bxa7 Qb5 25.
Bd4 Qxa5 26. Re1 Rxd4 0-1

[Event "European Youth Chess Championship B16"]
[Site "Prague, Top Hotel Prague"]
[Date "2012.08.25"]
[Round "9.32"]
[White "Medar, Marti"]
[Black "Grandadam, Patrik"]
[Result "0-1"]
[WhiteElo "2000"]
[BlackElo "2237"]
[PlyCount "78"]
[EventDate "2012.08.17"]

1. d4 d5 2. Bg5 h6 3. Bh4 c6 4. c3 Qb6 5. Qc2 g6 6. Nd2 Bf5 7. Qb3 Nd7 8. f3
Ngf6 9. g4 Be6 10. Nh3 g5 11. Bg3 Bg7 12. Nf2 h5 13. h3 c5 14. e3 Rc8 15. Be2
a6 16. O-O Qc6 17. a4 Nf8 18. Qa3 c4 19. a5 Ng6 20. Qb4 O-O 21. f4 hxg4 22.
hxg4 Qc7 23. Nh1 gxf4 24. exf4 Bxg4 25. f5 Qc6 26. Bxg4 Nxg4 27. fxg6 Qxg6 28.
Rf3 Bh6 29. Nf1 Qe4 30. Kg2 Qe2+ 31. Nf2 Rc6 32. Qxb7 Rg6 33. Qxd5 Be3 34. Nxe3
Qxf2+ 35. Bxf2 Nxe3+ 36. Kh3 Nxd5 37. Ra4 Kg7 38. Rg3 Nf4+ 39. Kh2 Rh8+ 0-1

[Event "European Youth Chess Championship B16"]
[Site "Prague, Top Hotel Prague"]
[Date "2012.08.25"]
[Round "9.33"]
[White "Magee, Ronan"]
[Black "Shen, Yue"]
[Result "1-0"]
[WhiteElo "1981"]
[BlackElo "2139"]
[PlyCount "119"]
[EventDate "2012.08.17"]

1. e4 c5 2. Nf3 d6 3. d4 cxd4 4. Nxd4 Nf6 5. Nc3 a6 6. Bc4 e6 7. Bb3 Nbd7 8.
Qe2 Nc5 9. Bg5 Be7 10. O-O-O Qc7 11. Kb1 O-O 12. f4 h6 13. h4 b5 14. e5 dxe5
15. fxe5 Nh7 16. Bd5 Bb7 17. Bxb7 Qxb7 18. Bxe7 Qxe7 19. Qh5 b4 20. Nce2 Rfc8
21. Rh3 Rab8 22. Rg3 Ne4 23. Re3 Nc5 24. Rg3 Qf8 25. Qf3 a5 26. Nf4 Na4 27. Nh5
g6 28. Rf1 Rc7 29. Qd3 Nc5 30. Qe3 Kh8 31. Nf4 Qe8 32. Nh3 Kg7 33. Nf4 Kh8 34.
Nh3 Qf8 35. Nf4 Qd8 36. h5 g5 37. Nfe2 Qe8 38. Rgf3 Kg7 39. g4 a4 40. Nc1 Na6
41. Qe2 Ra7 42. Qf2 Rbb7 43. Nd3 Ra8 44. Qe2 Rc8 45. Qe4 Rcc7 46. R1f2 Nb8 47.
Rf1 Kg8 48. Nc5 Ra7 49. Nd3 Na6 50. R3f2 Kg7 51. Rf3 Kh8 52. R3f2 Nc5 53. Qe3
Nxd3 54. Qxd3 Rc5 55. Qe3 Rac7 56. Qe4 Rd5 57. Nf5 Qb5 58. Nxh6 Rxe5 59. Qa8+
Kg7 60. Qg8+ 1-0

[Event "European Youth Chess Championship B16"]
[Site "Prague, Top Hotel Prague"]
[Date "2012.08.25"]
[Round "9.34"]
[White "Hochshtad, Eyal"]
[Black "Kanjaryan, Vladimir"]
[Result "0-1"]
[WhiteElo "1958"]
[BlackElo "2091"]
[PlyCount "62"]
[EventDate "2012.08.17"]

1. e4 c5 2. Nf3 e6 3. d4 cxd4 4. Nxd4 a6 5. Be3 Nf6 6. Nc3 Bb4 7. Bd3 d5 8. e5
Nfd7 9. f4 Nc6 10. Nb3 b6 11. O-O g6 12. Ne2 Qc7 13. c3 Be7 14. Nbd4 Bb7 15. b4
Nxd4 16. Bxd4 a5 17. Rc1 O-O 18. g4 Rfe8 19. Qd2 Ba6 20. Bxa6 Rxa6 21. Qd3 Raa8
22. c4 dxc4 23. Rxc4 Qb7 24. bxa5 Rxa5 25. Rfc1 Nc5 26. Qg3 Rxa2 27. Nc3 Rd2
28. Be3 Rd3 29. Rd4 Rxd4 30. Bxd4 Nb3 31. Rd1 Nxd4 0-1

[Event "European Youth Chess Championship B16"]
[Site "Prague, Top Hotel Prague"]
[Date "2012.08.25"]
[Round "9.35"]
[White "Jozefek, Michal"]
[Black "Pavelek, Tomas"]
[Result "1/2-1/2"]
[WhiteElo "2081"]
[BlackElo "1974"]
[PlyCount "74"]
[EventDate "2012.08.17"]

1. d4 f5 2. c4 e6 3. Nf3 Nf6 4. g3 Be7 5. Bg2 O-O 6. O-O c6 7. b3 d5 8. Ba3
Nbd7 9. Bxe7 Qxe7 10. Nbd2 b6 11. Qc2 Ba6 12. Rfe1 Ne4 13. Rac1 Rac8 14. Qb2 f4
15. e3 fxg3 16. fxg3 Ng5 17. e4 Nxf3+ 18. Nxf3 Qd6 19. cxd5 cxd5 20. e5 Qe7 21.
Qd2 Nb8 22. Rxc8 Rxc8 23. Rc1 Rc6 24. Bh3 h6 25. Rxc6 Nxc6 26. Qc3 Nd8 27. Bf1
Bxf1 28. Kxf1 Qb7 29. Qb4 Qa6+ 30. Kf2 Qxa2+ 31. Ke3 Nf7 32. Qb5 Kh7 33. Qd3+
g6 34. Nh4 Nh8 35. Nf3 Nf7 36. Nh4 Nh8 37. Nf3 Nf7 1/2-1/2

[Event "European Youth Chess Championship B16"]
[Site "Prague, Top Hotel Prague"]
[Date "2012.08.25"]
[Round "9.36"]
[White "Navratil, Jiri"]
[Black "Hros, Roman"]
[Result "1-0"]
[WhiteElo "2066"]
[BlackElo "1935"]
[PlyCount "39"]
[EventDate "2012.08.17"]

1. e4 c5 2. Nf3 Nc6 3. d4 cxd4 4. Nxd4 g6 5. Nc3 Bg7 6. Be3 Nf6 7. Bc4 O-O 8.
Bb3 d6 9. f3 Bd7 10. Qd2 Rc8 11. O-O-O Ne5 12. h4 h5 13. Bg5 a5 14. g4 hxg4 15.
h5 Re8 16. hxg6 Nxg6 17. Nf5 Bxf5 18. exf5 Ne5 19. Bxf6 Nxf3 20. Qd5 1-0

[Event "European Youth Chess Championship B16"]
[Site "Prague, Top Hotel Prague"]
[Date "2012.08.25"]
[Round "9.37"]
[White "Machan, Jan"]
[Black "Walek, Petr"]
[Result "1-0"]
[WhiteElo "2055"]
[BlackElo "1952"]
[PlyCount "149"]
[EventDate "2012.08.17"]

1. Nf3 Nf6 2. c4 g6 3. g3 Bg7 4. Bg2 O-O 5. O-O d6 6. Nc3 e5 7. d4 exd4 8. Nxd4
Nbd7 9. b3 a6 10. Bb2 Rb8 11. e3 Re8 12. Rc1 Ne5 13. Qd2 c5 14. Nf3 b5 15. cxb5
axb5 16. Rfd1 Nxf3+ 17. Bxf3 Rb6 18. Ne2 Qc7 19. Nf4 Ra6 20. Bxf6 Bxf6 21. Nd5
Qd8 22. Be2 Bd7 23. a4 Be5 24. Bxb5 Bxb5 25. axb5 Ra3 26. b4 cxb4 27. Qxb4 Qa5
28. Qxa5 Rxa5 29. Rb1 Kf8 30. f4 Bg7 31. Nc7 Rc8 32. b6 Ke7 33. Kg2 f5 34. Kf3
Kd7 35. Nb5 Bf8 36. Nc7 Rb8 37. Rb3 Bg7 38. e4 fxe4+ 39. Kxe4 Bf6 40. Nd5 Bd8
41. g4 Kc6 42. Rd4 Bh4 43. Ne3 d5+ 44. Kf3 Rxb6 45. Rxb6+ Kxb6 46. Rxd5 Rxd5
47. Nxd5+ Kc5 48. Ke4 Kd6 49. Ne3 Ke6 50. Nc4 h5 51. g5 Kf7 52. Ne5+ Kg7 53.
Nf3 Bf2 54. f5 gxf5+ 55. Kxf5 Be3 56. Ne5 Bd4 57. Ng6 Bg1 58. h3 Bh2 59. Nf4 h4
60. Kg4 Bg3 61. Ng2 Bf2 62. Nxh4 Be1 63. Nf5+ Kg6 64. h4 Bd2 65. h5+ Kh7 66.
Nh4 Bc1 67. Kf5 Bb2 68. Nf3 Kg7 69. Ne5 Kh7 70. Ng4 Kg7 71. h6+ Kh7 72. Nf6+
Kh8 73. g6 Bxf6 74. Kxf6 Kg8 75. g7 1-0

[Event "European Youth Chess Championship B16"]
[Site "Prague, Top Hotel Prague"]
[Date "2012.08.25"]
[Round "9.38"]
[White "Sosovicka, Matej"]
[Black "Meisch, Tanguy"]
[Result "1-0"]
[WhiteElo "2040"]
[BlackElo "1748"]
[PlyCount "79"]
[EventDate "2012.08.17"]

1. e4 e5 2. Nf3 Nf6 3. Nxe5 d6 4. Nf3 Nxe4 5. Nc3 Nxc3 6. dxc3 Be7 7. Bf4 O-O
8. Qd2 Qe8 9. Be2 Nd7 10. O-O Nc5 11. Nd4 Bf6 12. Bf3 Ne6 13. Rfe1 Qa4 14. Nxe6
fxe6 15. Re4 Qa6 16. a4 e5 17. Qd5+ Kh8 18. Be3 Qc6 19. Qxc6 bxc6 20. Rc4 Rb8
21. Rxc6 Rxb2 22. Bxa7 Bd8 23. a5 Rxc2 24. a6 Bd7 25. Be4 Re2 26. Be3 Bxc6 27.
Bxc6 Bf6 28. a7 g6 29. a8=Q Rxa8 30. Bxa8 Rc2 31. Rc1 Ra2 32. Bd5 Ra5 33. c4
Kg7 34. Kf1 Kf8 35. Ke2 Bg7 36. Kf3 Ke7 37. Rb1 Kd7 38. Rb7 Kc8 39. Rb5 Ra6 40.
Bb7+ 1-0

[Event "European Youth Chess Championship B16"]
[Site "Prague, Top Hotel Prague"]
[Date "2012.08.25"]
[Round "9.39"]
[White "Fontaine, Quentin"]
[Black "Rauramaa, Julius"]
[Result "0-1"]
[WhiteElo "1916"]
[BlackElo "2006"]
[PlyCount "176"]
[EventDate "2012.08.17"]

1. d4 Nf6 2. Nc3 d5 3. Bg5 c6 4. Bxf6 exf6 5. Qd2 Bf5 6. e3 Bb4 7. Bd3 Bxd3 8.
Qxd3 Nd7 9. Nge2 O-O 10. O-O Re8 11. a3 Bd6 12. e4 dxe4 13. Nxe4 Bc7 14. Rfe1
Qe7 15. N4g3 g6 16. Kf1 Qd6 17. Ng1 Bb6 18. Nf3 f5 19. Rxe8+ Rxe8 20. Re1 Rxe1+
21. Kxe1 Nf6 22. Kf1 c5 23. c3 cxd4 24. Nxd4 Qf4 25. Qe3 Qxe3 26. fxe3 Ng4 27.
Ke2 Nxh2 28. b4 Ng4 29. Nf1 Kf8 30. c4 Ke7 31. c5 Bc7 32. Nb5 Bb8 33. Kd3 h5
34. Kc4 Kd7 35. Nd4 a6 36. a4 Ne5+ 37. Kd5 Nc6 38. b5 axb5 39. axb5 Ne7+ 40.
Kc4 g5 41. Nf3 f6 42. N1d2 g4 43. Ng1 h4 44. Nf1 Ng6 45. Kd5 Ne5 46. Kd4 Ke6
47. Ne2 Ng6 48. g3 h3 49. Nf4+ Bxf4 50. exf4 Ne7 51. Nh2 Nd5 52. Nf1 Nc7 53. b6
Na6 54. Kc4 Kd7 55. Kd5 Nb8 56. Nh2 Nc6 57. Kc4 Ke6 58. Nf1 Ne7 59. Nh2 Nd5 60.
Kd4 Nb4 61. Kc3 Na6 62. Kc4 Kd7 63. Kb5 Nb8 64. Nf1 Nc6 65. Kc4 Nd8 66. Kd5 Nf7
67. Nh2 Nh6 68. c6+ bxc6+ 69. Kc5 Nf7 70. b7 Kc7 71. b8=B+ Kxb8 72. Kxc6 Ne5+
73. fxe5 fxe5 74. Kd5 f4 75. Nf1 h2 76. Nxh2 fxg3 77. Nxg4 g2 78. Nxe5 g1=Q 79.
Nc6+ Kc7 80. Ne5 Qg5 81. Ke4 Qh5 82. Nd3 Kd6 83. Kd4 Qg4+ 84. Kc3 Kd5 85. Nb4+
Kc5 86. Nd3+ Kb5 87. Ne5 Qe4 88. Nd3 Qe3 0-1

[Event "European Youth Chess Championship B16"]
[Site "Prague, Top Hotel Prague"]
[Date "2012.08.25"]
[Round "9.41"]
[White "Ragnarsson, Dagur"]
[Black "Munteanu, Ali-Eduard"]
[Result "1/2-1/2"]
[WhiteElo "1913"]
[BlackElo "1982"]
[PlyCount "99"]
[EventDate "2012.08.17"]

1. c4 e5 2. g3 Nf6 3. Bg2 d5 4. cxd5 Nxd5 5. Nc3 Nb6 6. Nf3 Nc6 7. O-O Be7 8.
a3 a5 9. d3 O-O 10. Be3 Be6 11. d4 exd4 12. Nxd4 Nxd4 13. Qxd4 Qxd4 14. Bxd4
Nc4 15. Nb5 c6 16. Nc7 Rfd8 17. Bc3 Rac8 18. Nxe6 fxe6 19. Rfd1 Bf6 20. Bxf6
gxf6 21. b4 a4 22. e3 Rxd1+ 23. Rxd1 Nxa3 24. Ra1 Nc2 25. Rxa4 b5 26. Ra7 Nxb4
27. Bh3 f5 28. e4 Rf8 29. exf5 exf5 30. Rc7 Rf6 31. Bg2 Rd6 32. Bf3 h6 33. h3
Kf8 34. g4 fxg4 35. hxg4 Ke8 36. Kg2 Kd8 37. Rf7 Nd3 38. Be4 Kc8 39. Bxd3 Rxd3
40. Rf6 Kd7 41. Rxh6 b4 42. g5 c5 43. g6 Ke7 44. Rh7+ Kf8 45. f4 b3 46. f5 Rd5
47. Rf7+ Kg8 48. Rb7 c4 49. Rb8+ Kg7 50. Rb7+ 1/2-1/2